Aj platobné karty budú v mobile
Platobné karty sa presúvajú do elektronického prostredia. Karta môže byť uložená aj v mobilnom telefóne a tým pádom bude platba možná prostredníctvom smartfónu. Spolupráca bánk s veľkými globálnymi hráčmi, ktorí budú poskytovať rôzne platobné služby. Výhody elektronických platobných kariet.
Salvato in:
| Natura: | Capitolo di libro |
|---|---|
| Lingua: | slovacco |
| Soggetti: | |
| Tags: |
Nessun Tag, puoi essere il primo ad aggiungerne!!
|
MARC
| LEADER | 00000naa a2200000 4500 | ||
|---|---|---|---|
| 001 | 0242780 | ||
| 005 | 20180511134335.2 | ||
| 041 | 0 | |a slo | |
| 044 | |a SK | ||
| 245 | 1 | 0 | |a Aj platobné karty budú v mobile |
| 520 | |a Platobné karty sa presúvajú do elektronického prostredia. Karta môže byť uložená aj v mobilnom telefóne a tým pádom bude platba možná prostredníctvom smartfónu. Spolupráca bánk s veľkými globálnymi hráčmi, ktorí budú poskytovať rôzne platobné služby. Výhody elektronických platobných kariet. | ||
| 610 | 2 | 0 | |a technológie nové |
| 610 | 2 | 0 | |a karty platobné |
| 610 | 2 | 0 | |a technológie informačné |
| 610 | 2 | 0 | |a technológie komunikačné |
| 610 | 2 | 0 | |a bankovníctvo mobilné |